Deaths in prison decline over 7-year period
| Autor principal: | |
|---|---|
| Tipo de documento: | Print Artículo |
| Lenguaje: | Inglés |
| Publicado: |
1991
|
| En: |
Corrections compendium
Año: 1991, Volumen: 16, Número: 6, Páginas: 9-15 |
| Disponibilidad en Tübingen: | Disponible en Tübingen. IFK: 6653 |
| Verificar disponibilidad: | HBZ Gateway |
| Palabras clave: |
MARC
| LEADER | 00000caa a22000002c 4500 | ||
|---|---|---|---|
| 001 | 1632129213 | ||
| 003 | DE-627 | ||
| 005 | 20220607132336.0 | ||
| 007 | tu | ||
| 008 | 130610s1991 xx ||||| 00| ||eng c | ||
| 035 | |a (DE-627)1632129213 | ||
| 035 | |a (DE-576)383396646 | ||
| 035 | |a (DE-599)BSZ383396646 | ||
| 040 | |a DE-627 |b ger |c DE-627 |e rakwb | ||
| 041 | |a eng | ||
| 100 | 1 | |a Davis, Su Perk |4 aut | |
| 245 | 1 | 0 | |a Deaths in prison decline over 7-year period |c Su Perk Davis |
| 264 | 1 | |c 1991 | |
| 336 | |a Text |b txt |2 rdacontent | ||
| 337 | |a ohne Hilfsmittel zu benutzen |b n |2 rdamedia | ||
| 338 | |a Band |b nc |2 rdacarrier | ||
| 773 | 0 | 8 | |i In |t Corrections compendium |d Lanham, Md. : American Correctional Assoc., 1984 |g 16(1991), 6, Seite 9-15 |w (DE-627)169134342 |w (DE-600)895875-0 |w (DE-576)016229975 |x 0738-8144 |7 nnas |
| 773 | 1 | 8 | |g volume:16 |g year:1991 |g number:6 |g pages:9-15 |
| 951 | |a AR | ||
| ELC | |b 1 | ||
| LOK | |0 000 xxxxxcx a22 zn 4500 | ||
| LOK | |0 001 328382827X | ||
| LOK | |0 003 DE-627 | ||
| LOK | |0 004 1632129213 | ||
| LOK | |0 005 20130625084545 | ||
| LOK | |0 008 130610||||||||||||||||ger||||||| | ||
| LOK | |0 040 |a DE-21-110 |c DE-627 |d DE-21-110 | ||
| LOK | |0 689 |a s |a Tötungsdelikte | ||
| LOK | |0 689 |a s |a Suizid | ||
| LOK | |0 689 |a s |a Strafvollzug | ||
| LOK | |0 689 |a s |a Todesursachenstatistik | ||
| LOK | |0 852 |a DE-21-110 | ||
| LOK | |0 852 1 |c 6653 |m p |9 00 | ||
| LOK | |0 935 |a k110 | ||
| LOK | |0 938 |k p | ||
| LOK | |0 939 |a 10-06-13 |b l01 | ||
| ORI | |a SA-MARC-krimdoka001.raw | ||
| SIG | |a IFK: 6653 | ||
